| 000 | 01528pam a2200289 a 4500 | ||
|---|---|---|---|
| 001 | 1088254 | ||
| 005 | 19930113114637.7 | ||
| 008 | 920731s1992 nyua b 101 0 eng | ||
| 010 | _a92026765 | ||
| 020 | _a0306443066 | ||
| 040 |
_aDLC _cDLC _dDLC |
||
| 050 | 0 | 0 |
_aQD382.P67 _bS96 1992 |
| 082 | 0 | 0 |
_a668.9 _220 _bSYN |
| 245 | 0 | 0 |
_aSynthesis, Characterization, and Theory of Polymeric Networks and Gels / _cedited by Shaul M. Aharoni. |
| 260 |
_aNew York : _bPlenum Press, _cc1992. |
||
| 300 |
_aix, 360 p. : _bill. ; _c26 cm. |
||
| 500 | _a"Proceedings of an American Chemical Society Division of Polymeric Materials Science and Engineering Symposium on Synthesis, Characterization, and Theory of Polymeric Networks and Gels, held April 5-10, 1992, in San Francisco, California"--T.p. verso. | ||
| 504 | _aIncludes bibliographical references and index. | ||
| 650 | 0 |
_aPolymer networks _xCongresses. _97421 |
|
| 650 | 0 |
_aColloids _xCongresses. _97422 |
|
| 700 | 1 |
_aAharoni, Shaul M. _97423 |
|
| 710 | 2 |
_aAmerican Chemical Society. _bDivision of Polymeric Materials: Science and Engineering. _97424 |
|
| 711 | 2 |
_aSymposium on Synthesis, Characterization, and Theory of Polymeric Networks and Gels _d(1992 : _cSan Francisco, Calif.) _97425 |
|
| 942 |
_2ddc _cBB |
||
| 999 |
_c12166 _d12166 |
||